Radical process change : a best practice blueprint /

Bibliographic Details
Main Author: Braganza, A. (Ashley)
Format: Book
Language:English
Published: Chichester ; New York : Wiley, 2001.
Series:Fast-track series.
Subjects:

MARC

Tag First Indicator Second Indicator Subfields
LEADER 00000cam a2200000 a 4500
001 in00001663128
005 20151023125439.0
008 011213s2001 enka b 001 0 eng d
010 |a  2001279098 
015 |a GBA1-W4330 
020 |a 0471486302 
035 |a (OCoLC)ocm47678076 
040 |a UKM  |c DLC  |d UKM  |d TXA  |d UtOrBLW 
042 |a lccopycat 
049 |a TXAM 
050 0 0 |a HD58.8  |b .B71 2001 
082 0 4 |a 658.406  |2 21 
100 1 |a Braganza, A.  |q (Ashley) 
245 1 0 |a Radical process change :  |b a best practice blueprint /  |c Ashley Braganza. 
264 1 |a Chichester ;  |a New York :  |b Wiley,  |c 2001. 
300 |a viii, 262 pages :  |b illustrations ;  |c 23 cm. 
336 |a text  |b txt  |2 rdacontent 
337 |a unmediated  |b n  |2 rdamedia 
338 |a volume  |b nc  |2 rdacarrier 
490 1 |a Fast-track series 
504 |a Includes bibliographical references and index. 
650 0 |a Organizational change  |x Management. 
650 0 |a Corporate reorganizations  |x Management. 
650 0 |a Organizational behavior. 
830 0 |a Fast-track series. 
994 |a E0  |b TXA 
948 |a cataloged  |b h  |c 2002/2/20  |d c  |e bwalker  |f 12:59:09 pm 
999 |a MARS 
999 f f |s ffa5363c-88ff-3b29-b294-3bd34149f0a3  |i 4c2c6fd9-eb9a-3d9a-a9f9-c422714d8fa1  |t 0 
952 f f |p ric  |a Texas A&M University  |b Rellis Campus  |c Joint Library Facility  |d Remote Storage  |t 0  |e HD58.8 .B71 2001  |h Library of Congress classification  |i unmediated -- volume  |m A14828468512 
998 f f |a HD58.8 .B71 2001  |t 0  |l Remote Storage